IASB update (Record no. 107153)

MARC details
000 -LEADER
fixed length control field 00971cam a22002055a 4500
001 - CONTROL NUMBER
control field L138382
008 - FIXED-LENGTH DATA ELEMENTS--GENERAL INFORMATION
fixed length control field 070601s2007 xxk f 000 0 eng d
035 ## - SYSTEM CONTROL NUMBER
System control number (Sirsi) u138382
041 0# - LANGUAGE CODE
Language code of text/sound track or separate title eng
110 2# - MAIN ENTRY--CORPORATE NAME
Corporate name or jurisdiction name as entry element International Accounting Standards Board
9 (RLIN) 4097
245 00 - TITLE STATEMENT
Title IASB update
Remainder of title May 2007
Medium [electronic resource]
260 ## - PUBLICATION, DISTRIBUTION, ETC.
Place of publication, distribution, etc. London
Name of publisher, distributor, etc. IASB
Date of publication, distribution, etc. 2007
490 #0 - SERIES STATEMENT
Series statement IASB Update
Volume/sequential designation May 2007
520 ## - SUMMARY, ETC.
Summary, etc. Summary of the International Accounting Standards Board meeting in London on 15-18th of May 2007, when it discussed post-employment benefits, IAS 37 redeliberations, financial statement presentation, financial instruments puttable at fair value, obligations arising on liquidation, annual improvements process and leases.
590 ## - LOCAL NOTE (RLIN)
Local note KA
651 #4 - SUBJECT ADDED ENTRY--GEOGRAPHIC NAME
Geographic name International
690 ## - LOCAL SUBJECT ADDED ENTRY--TOPICAL TERM (OCLC, RLIN)
Topical term or geographic name as entry element MANAGEMENT-BUSINESS MANAGEMENT-FINANCIAL MANAGEMENT-ACCOUNTING-FINANCIAL REPORTING
856 40 - ELECTRONIC LOCATION AND ACCESS
Uniform Resource Identifier <a href="https://www.iasb.org/">https://www.iasb.org/</a>
Public note View the item free of charge at www.iasb.org...
942 ## - ADDED ENTRY ELEMENTS (KOHA)
Suppress in OPAC 0
Holdings
Withdrawn status Lost status Source of classification or shelving scheme Damaged status Not for loan Home library Current library Shelving location Date acquired Total Checkouts Full call number Barcode Date last seen Copy number Price effective from Koha item type
    Dewey Decimal Classification     Virtual Virtual Online 01/06/2007   ONLINE PUBLICATION 138382-2001 06/08/2019 1 06/08/2019 Book